000 01018nam a2200337Ia 4500
001 Z_2531
003 CHAP
008 220113s1997 xx 000 0 und d
010 _a165590
020 _a968-426-756-8
040 _cCHAP
082 _a574.192 H37y 1997
100 _aHarper, Harold Anthony 1911 -
240 _aHarper´s ilustrated biochemistry
245 _aBioquímica de Harper /
_cHarold Anthony Harper; editror Robert K. Murray...[et. al.]traductor Jvier Eduardo Gómez Saborio
250 _a14a ed.
260 _aMéxico :
_bManual Moderno,
_c1997
300 _a1021 p.
500 _aTraducido de la obra en inglés: Harper´s ilustrated biochemistry de1996
503 _aej.1: 198742
504 _aIncluye bibliografía
650 _aBioquímica
_912849
700 _a Pastrana Retena, Victor Manuel. tr.
_9139524
700 _aMurray, Robert K., ed.
_9139525
901 _a574.192 H37Y 1997
902 _aM
910 _a1997
942 _c1
942 _cc1
999 _c165590
_d165590